000 00297nam a22001337a 4500
008 170613b xxu||||| |||| 00| 0 eng d
020 _a2900871012769
041 _aeng
080 _a32
100 _a19
101 _aSHP
245 _aTHE GLOBAL CRISIS OF VIOLENCE
_cSOEST,D.V
942 _2udc
_cBK
999 _c17084
_d17084